| 000 | 00877nam a2200265 a 4500 | ||
|---|---|---|---|
| 001 | 47189 | ||
| 003 | BD-RjUL | ||
| 005 | 20211209054255.0 | ||
| 008 | 160807s1988 bg k 001 0 eng | ||
| 020 | _c: Tk. 315.00 | ||
| 035 | _a(BD-RjUL)47308 | ||
| 040 |
_aDLC _cDLC _dBD-RjUL _beng |
||
| 041 | _aeng | ||
| 082 | 0 | 0 |
_a340.59 _223 _bCHW 1988 |
| 100 | 1 |
_aChowdhury, Purnendu Bikash. _9143691 |
|
| 245 | 1 | 4 |
_aThe Waqfs Ordinance (1 of 1962) : _b with rules and up-to-date decisions / _cPurnendu Bikash Chowdhury |
| 250 | _a1st ed. | ||
| 260 |
_aChittagong : _bAnima Chowdhury ; _aDhaka : _bSole distributor, Book Syndicate, _c1988. |
||
| 300 |
_axx, 202 p. : _bill. ; _c24 cm. |
||
| 500 | _aIncludes index. | ||
| 520 | _aWith reference to Bangladesh. | ||
| 650 | 0 |
_aElection law _zBangladesh. _9143692 |
|
| 650 | 0 |
_aContested elections _zBangladesh. _9143693 |
|
| 942 |
_2ddc _cBK |
||
| 999 |
_c47189 _d47189 |
||